| 000 | 00732nam a2200193Ii 4500 | ||
|---|---|---|---|
| 003 | JO-AjNU | ||
| 008 | 230605s9999||||xx |||||||||||||| ||und|| | ||
| 040 |
_aJO-AjNU _bara _erda _cJO-AjNU |
||
| 041 | _aara | ||
| 050 | 1 | 4 | _aDS35.6.J38 1997 |
| 100 | 3 |
_aالجوهري، يسرى, _eauthor _945974 |
|
| 245 | 0 | 0 | _aدول الخليج العربي والمشرق الإسلامي |
| 264 | 3 | 1 | _aالاسكندرية: مكتبة الاشعاع للطباعة والنشر والتوزيع، 1997 |
| 300 |
_a326ص _bخرائط توضيحية |
||
| 336 |
_atext _btxt _2rdacontent |
||
| 337 |
_aunmediated _bn _2rdamedia |
||
| 338 |
_avolume _bnc _2rdacarrier |
||
| 650 | 4 |
_aالخليج العربي - الاسلام - تاريخ _945975 |
|
| 999 |
_aA19968 _c23536 _d23536 |
||